Estatísticas para As Maiores Rejeições Do Big Brother Brasil

Clique aqui para jogar o quiz

Estatísticas Gerais

  • Esse quiz foi jogado 79 vezes
  • A pontuação média é 8 de 26

Estatísticas das Respostas

PosiçãoPorcentagemBBBEliminado% Correto
199,17%BBB21Karol Conká
91%
298,76%BBB21Nego Di
91%
396,69%BBB21Viih Tube
80%
1091,89%BBB21Projota
66%
1588,59%BBB22Larissa
44%
594,26%BBB18Patrícia
44%
495%BBB5Aline
33%
1389,85%BBB18Ana Paula
27%
1191,25%BBB22Laís Caldas
26%
1888%BBB5Natália
26%
2286,02%BBB22Bárbara Heck
23%
792,69%BBB18Nayara
23%
2485,22%BBB20Victor Hugo
23%
892%BBB5Rogério
21%
2685%BBB7Alberto
20%
1489%BBB7Fani
20%
1291%BBB7Airton
16%
693%BBB7Felipe Cobra
14%
992%BBB12Rafa
14%
1688,34%BBB18Breno
11%
1788%BBB12Laisa
10%
2386%BBB12João Carvalho
7%
2187%BBB15Luan
7%
2585%BBB1Estela
6%
1987%BBB5Giulliano Ciarelli
4%
2087%BBB5Jaqueline Khury
3%

Distribuição das Pontuações

Percentil de Números Respondidos

Porcentagem de Pessoas com Cada Pontuação

Sua Pontuação Histórica

Você não jogou esse quiz